Logic : (Record no. 30165)
[ view plain ]
| 000 -LEADER | |
|---|---|
| fixed length control field | 01368nam a2200349 4500 |
| 001 - CONTROL NUMBER | |
| control field | 30165 |
| 003 - CONTROL NUMBER IDENTIFIER | |
| rucl marc code | BD-RjUL |
| 005 - DATE AND TIME OF LATEST TRANSACTION | |
| control field | 20211209051525.0 |
| 008 - FIXED-LENGTH DATA ELEMENTS--GENERAL INFORMATION | |
| fixed length control field | 140409s1888 enk 001 0 eng d |
| 035 ## - SYSTEM CONTROL NUMBER | |
| System control number | (BD-RjUL)30250 |
| 040 ## - CATALOGING SOURCE | |
| Original cataloging agency | Mississippi. Univ. Libr |
| Transcribing agency | KSU |
| Modifying agency | m.c |
| -- | IAY |
| -- | BD-RjUL |
| Language of cataloging | eng |
| 041 1# - LANGUAGE CODE | |
| Language code of text/sound track or separate title | eng |
| Language code of original | ger |
| 082 ## - DEWEY DECIMAL CLASSIFICATION NUMBER | |
| Classification number | 160 |
| Author mark and year | LOL 1888 |
| 100 1# - MAIN ENTRY--PERSONAL NAME | |
| Personal name | Lotze, Hermann, |
| Dates associated with a name | 1817-1881. |
| 9 (RLIN) | 91726 |
| 245 10 - TITLE STATEMENT | |
| Title | Logic : |
| Remainder of title | in three books, of thought, of investigation, and of knowledge / |
| Statement of responsibility, etc. | Hermann Lotze ; English translation, edited by Bernard Bosanquet. |
| 250 ## - EDITION STATEMENT | |
| Edition statement | 2nd ed., in two volumes. |
| 260 ## - PUBLICATION, DISTRIBUTION, ETC. (IMPRINT) | |
| Place of publication, distribution, etc. | Oxford : |
| Name of publisher, distributor, etc. | Clarendon Press, |
| Date of publication, distribution, etc. | 1888. |
| 300 ## - PHYSICAL DESCRIPTION | |
| Pagination | 2 v. ; |
| Size | 19 cm. |
| 490 1# - SERIES STATEMENT | |
| Series statement | Clarendon Press series |
| 500 ## - GENERAL NOTE | |
| General note | Translated by R.L. Nettleship, F.H. Peters, F.C. Conybeare, R.G. Tatton, and the editor ; translation revised by the editor, with the assistance of J.C. Wilson. |
| General note | Translation of: System der Philosophie. Part 1. |
| General note | Half-title p.: "Lotze's System of philosophy. Part 1. Logic" |
| General note | Spine title: Logic. |
| General note | Includes bibliographical footnotes and index. |
| 650 #0 - SUBJECT ADDED ENTRY--TOPICAL TERM | |
| Topical term or geographic name as entry element | Logic. |
| 9 (RLIN) | 91727 |
| 700 1# - ADDED ENTRY--PERSONAL NAME | |
| Personal name | Bosanquet, Bernard, |
| Dates associated with a name | 1848-1923. |
| 830 #0 - SERIES ADDED ENTRY--UNIFORM TITLE | |
| Uniform title | Clarendon Press series |
| 942 ## - ADDED ENTRY ELEMENTS (KOHA) | |
| Source of classification or shelving scheme | Dewey Decimal Classification |
| Koha item type | Books |
| Lost status | Source of classification or shelving scheme | Damaged status | Not for loan | Collection code | Permanent Location | Current Location | Shelving location | Date acquired | Source of acquisition | Cost, normal purchase price | Total Checkouts | Full call number | Date last seen | Copy number | Koha item type |
|---|---|---|---|---|---|---|---|---|---|---|---|---|---|---|---|
| Dewey Decimal Classification | Non-fiction | Central Library, University of Rajshahi | Central Library, University of Rajshahi | Reading Room | 04/12/1956 | B.H.BLACKWELL | 10.60 | 160 LOL 1888 | 09/04/2014 | C-1 | Books | ||||
| Dewey Decimal Classification | Central Library, University of Rajshahi | Central Library, University of Rajshahi | 06/04/1957 | B. H. Black Well | 105.00 | 160 LOL V-2 1888 | 21/04/2014 | C-1 | Books |